00558nam a2200169Ia 4500003000900000008004100009020001800050040001600068080001500084110003900099245010900138260005700247300001500304490002600319650001900345650002400364IN-BaIIA211028s9999 xx 000 0 eng d a0-87891-548-6 cIIA Library a519.8bREA aResearch and Education Association 0aREA's problem solversboperations researchcResearch and Education Association  aNew JerseybResearch and Education Associationc1983 axi, 1076p. aREA's problem solvers aNASA thesaurus aOperations research